The adventures of Tom Sawyer / (Record no. 9478)

MARC details
000 -LEADER
fixed length control field 01098cam a22003017a 4500
001 - CONTROL NUMBER
control field 9478
003 - CONTROL NUMBER IDENTIFIER
control field FISKH
005 - DATE AND TIME OF LATEST TRANSACTION
control field 20260114113436.0
008 - FIXED-LENGTH DATA ELEMENTS--GENERAL INFORMATION
fixed length control field 040809s2005 nyu 000 0 eng
010 ## - LIBRARY OF CONGRESS CONTROL NUMBER
LC control number 2004111654
020 ## - INTERNATIONAL STANDARD BOOK NUMBER
International Standard Book Number 0060758600
Qualifying information pbk.
020 ## - INTERNATIONAL STANDARD BOOK NUMBER
International Standard Book Number 9780060758608
Qualifying information (pbk.)
035 ## - SYSTEM CONTROL NUMBER
System control number 13681630
040 ## - CATALOGING SOURCE
Original cataloging agency DLC
Transcribing agency DLC
Language of cataloging eng
050 ## - LIBRARY OF CONGRESS CALL NUMBER
Classification number PZ7.W867 A
082 ## - DEWEY DECIMAL CLASSIFICATION NUMBER
Classification number 813.6
100 1# - MAIN ENTRY--PERSONAL NAME
Personal name Twain, Mark,
Dates associated with a name 1835-1910.
245 14 - TITLE STATEMENT
Title The adventures of Tom Sawyer /
Statement of responsibility, etc. Retold from the Mark Twain original by Martin Woodside ; Illustratted by Lucy Corvino
260 ## - PUBLICATION, DISTRIBUTION, ETC.
Place of publication, distribution, etc. New York :
Name of publisher, distributor, etc. Sterling,
Date of publication, distribution, etc. 2005.
300 ## - PHYSICAL DESCRIPTION
Extent 153 pages :
Other physical details illustrations ;
Dimensions 19 cm ;
Accompanying material 2 CDs room .
490 0# - SERIES STATEMENT
Series statement Adventure classics
520 ## - SUMMARY, ETC.
Summary, etc. An abridged version of the adventures of Tom and his friends growing up in a small Missouri town on the banks of the Mississippi River in the nineteenth century.
650 ## - SUBJECT ADDED ENTRY--TOPICAL TERM
Topical term or geographic name entry element American literature
Form subdivision Action & Adventure
General subdivision Classic Starts
700 ## - ADDED ENTRY--PERSONAL NAME
Personal name Corvino, Lucy
Relator term illustrator
906 ## - LOCAL DATA ELEMENT F, LDF (RLIN)
a 7
b cbc
c orignew
d 4
e epcn
f 20
g y-gencatlg
942 ## - ADDED ENTRY ELEMENTS (KOHA)
Source of classification or shelving scheme Dewey Decimal Classification
Koha item type Books
Suppress in OPAC No
Holdings
Withdrawn status Lost status Source of classification or shelving scheme Damaged status Not for loan Collection Home library Current library Shelving location Date acquired Total Checkouts Full call number Barcode Date last seen Copy number Price effective from Koha item type
    Dewey Decimal Classification     Fiction Footprints International School Library Network Toul Kork Campus Footprints International School Library Network Toul Kork Campus Librarian's Shelf TK 01/14/2026   WOO 813.6 PZ7.W867 A 2026-0031 01/14/2026 1 01/14/2026 Books
    Dewey Decimal Classification     Fiction Footprints International School Library Network Toul Kork Campus Footprints International School Library Network Toul Kork Campus Librarian's Shelf TK 01/14/2026   WOO 813.6 PZ7.W867 A 2026-0032 01/14/2026 2 01/14/2026 Books
    Dewey Decimal Classification     Fiction Footprints International School Library Network Toul Kork Campus Footprints International School Library Network Toul Kork Campus Librarian's Shelf TK 01/14/2026   WOO 813.6 PZ7.W867 A 2026-0033 01/14/2026 3 01/14/2026 Books
    Dewey Decimal Classification     Fiction Footprints International School Library Network Toul Kork Campus Footprints International School Library Network Toul Kork Campus Librarian's Shelf TK 01/14/2026   WOO 813.6 PZ7.W867 A 2026-0034 01/14/2026 4 01/14/2026 Books
    Dewey Decimal Classification     Fiction Footprints International School Library Network Toul Kork Campus Footprints International School Library Network Toul Kork Campus Librarian's Shelf TK 01/14/2026   WOO 813.6 PZ7.W867 A 2026-0035 01/14/2026 5 01/14/2026 Books